000
00308nam a2200121Ia 4500
008
250327s9999 xx 000 0 und d
020
_a
9781529768602
082
_b
SLA
_a
CQR
100
_a
MEL SLATER
_9
34571
245
0
_a
BAYESIAN METHODS IN STATISTICS FROM CONCEPTS TO PRACTICE
260
_b
SAGE
942
_c
BK
999
_c
7371
_d
7371